000 00952nam a2200229Ia 4500
999 _c56365
_d56365
001 23478
003 GE_BSU
005 20210223144925.0
008 181216s1971||||ge |||||||||||||| ||geo||
040 _cGE_BSU
041 _ageo
080 _a94(38) + 94(479.22) ს-26
100 _aსანიკიძე, ლევან
_910202
245 _aსამას-სამასი /
_cლევან სანიკიძე; რედ. ლ. გოგოხია. ილ. დ. ზარაფიშვილი.
264 _aთბილისი :
_bნაკადული,
_c1971.
300 _a166გვ. :
_bილ. ;
_c21 სმ.
653 _aსამას-სამასი
653 _aძველი საბერძნეთის ისტორია
653 _aსაქართველოს ისტორია
700 _aგოგოხია, ლ.
_eრედაქტორი
_910203
942 _cBK
_2udc